The Cambridge introduction to postmodernism / (Record no. 21839)
[ view plain ]
| 000 -LEADER | |
|---|---|
| fixed length control field | 01408cam a22003135i 4500 |
| 001 - CONTROL NUMBER | |
| control field | 18496052 |
| 003 - CONTROL NUMBER IDENTIFIER | |
| control field | EG-ScBUE |
| 005 - DATE AND TIME OF LATEST TRANSACTION | |
| control field | 20200203144055.0 |
| 008 - FIXED-LENGTH DATA ELEMENTS--GENERAL INFORMATION | |
| fixed length control field | 150218t2015 nyua f b f001 0 eng d |
| 020 ## - INTERNATIONAL STANDARD BOOK NUMBER | |
| International Standard Book Number | 9781107605510 |
| 040 ## - CATALOGING SOURCE | |
| Original cataloging agency | DLC |
| Language of cataloging | eng |
| Description conventions | rda |
| Transcribing agency | DLC |
| Modifying agency | DLC |
| -- | EG-ScBUE |
| 082 04 - DEWEY DECIMAL CLASSIFICATION NUMBER | |
| Classification number | 809.9113 |
| Item number | MCH |
| Edition number | 22 |
| 100 1# - MAIN ENTRY--PERSONAL NAME | |
| Personal name | McHale, Brian, |
| Relator term | author. |
| 9 (RLIN) | 40111 |
| 245 14 - TITLE STATEMENT | |
| Title | The Cambridge introduction to postmodernism / |
| Statement of responsibility, etc | Brian McHale, Ohio State University. |
| 246 30 - VARYING FORM OF TITLE | |
| Title proper/short title | Postmodernism |
| 264 #1 - PUBLICATION, DISTRIBUTION, ETC. (IMPRINT) | |
| Place of publication, distribution, etc | New York : |
| Name of publisher, distributor, etc | Cambridge University Press, |
| Date of publication, distribution, etc | 2015 |
| 300 ## - PHYSICAL DESCRIPTION | |
| Extent | xii, 239 pages : |
| Other physical details | illustrations ; |
| Dimensions | 24 cm |
| 336 ## - CONTENT TYPE | |
| Content type term | text |
| Content type code | txt |
| Source | rdacontent |
| 337 ## - MEDIA TYPE | |
| Media type term | unmediated |
| Media type code | n |
| Source | rdamedia |
| 338 ## - CARRIER TYPE | |
| Carrier type term | volume |
| Carrier type code | nc |
| Source | rdacarrier |
| 504 ## - BIBLIOGRAPHY, ETC. NOTE | |
| Bibliography, etc | Includes bibliographical references and index. |
| 520 ## - SUMMARY, ETC. | |
| Summary, etc | This Introduction surveys the full spectrum of postmodern culture - high and low, avant-garde and popular, famous and obscure - across a range of fields, from architecture and visual art to fiction, poetry, and drama. Comprehensive and accessible, this book is indispensable for scholars, students, and general readers interested in late twentieth-century culture. |
| 650 #7 - SUBJECT ADDED ENTRY--TOPICAL TERM | |
| Topical term or geographic name as entry element | Postmodernism (Literature) |
| Source of heading or term | BUEsh |
| 9 (RLIN) | 39423 |
| 650 #7 - SUBJECT ADDED ENTRY--TOPICAL TERM | |
| Topical term or geographic name as entry element | Postmodernism (Aesthetics) |
| Source of heading or term | BUEsh |
| 9 (RLIN) | 40112 |
| 650 #7 - SUBJECT ADDED ENTRY--TOPICAL TERM | |
| Topical term or geographic name as entry element | Post-postmodernism (Literature) |
| Source of heading or term | BUEsh |
| 9 (RLIN) | 40113 |
| 651 ## - SUBJECT ADDED ENTRY--GEOGRAPHIC NAME | |
| Source of heading or term | BUEsh |
| 653 ## - INDEX TERM--UNCONTROLLED | |
| Resource For college | Humanities: English |
| Arrived date list | May2016 |
| 942 ## - ADDED ENTRY ELEMENTS (KOHA) | |
| Source of classification or shelving scheme | Dewey Decimal Classification |
| Koha item type | Book - Borrowing |
| Withdrawn status | Lost status | Source of classification or shelving scheme | Damaged status | Not for loan | Collection code | Home library | Current library | Shelving location | Date acquired | Source of acquisition | Cost, normal purchase price | Total Checkouts | Total Renewals | Full call number | Barcode | Date last seen | Date checked out | Cost, replacement price | Price effective from | Koha item type |
|---|---|---|---|---|---|---|---|---|---|---|---|---|---|---|---|---|---|---|---|---|
| Dewey Decimal Classification | Alahram | Central Library | Central Library | Second Floor | 01/06/2016 | Purchase | 202.00 | 1 | 1 | 809.9113 MCH | 000032621 | 15/07/2025 | 21/09/2019 | 252.50 | 01/06/2016 | Book - Borrowing |